Gaming Quiz

Random Gaming Quiz

All Legend of Zelda Games Quiz Stats

 Plays Quiz not verified by Sporcle

Challenge
Share
Tweet
Embed
Score 0/27 Timer 05:00
0 Plays Today
Hint Answer % Correct
1986The Legend of Zelda
100%
1991The Legend of Zelda: A Link to the Past
89.7%
1998The Legend of Zelda: Ocarina of Time
89.7%
2000The Legend of Zelda: Majora's Mask
86.2%
2002The Legend of Zelda: The Wind Waker
86.2%
2006The Legend of Zelda: Twilight Princess
82.8%
2011The Legend of Zelda: Skyward Sword
82.8%
1993The Legend of Zelda: Link's Awakening
79.3%
2002The Legend of Zelda: Four Swords
79.3%
2007The Legend of Zelda: Phantom Hourglass
79.3%
1987Zelda II: The Adventure of Link
75.9%
2001The Legend of Zelda: Oracle of Seasons
75.9%
2009The Legend of Zelda: Spirit Tracks
75.9%
2004The Legend of Zelda: Minish Cap
72.4%
Hint Answer % Correct
2001The Legend of Zelda: Oracle of Ages
69%
2004The Legend of Zelda: Four Swords Adventures
65.5%
2013The Legend of Zelda: A Link Between Worlds
65.5%
2014Hyrule Warriors
65.5%
2007Link's Crossbow Training
62.1%
2015The Legend of Zelda: Tri Force Heroes
62.1%
1993Zelda: The Wand of Gamelon
48.3%
1995Zelda's Adventure
48.3%
2016Hyrule Warriors Legends
48.3%
1993Link: The Faces of Evil
41.4%
2006Freshly-Picked Tingle's Rosy Rupeeland
20.7%
2007Tingle's Balloon Fight DS
17.2%
2009Ripened Tingle's Balloon Trip of Love
6.9%

You're not logged in!

Compare scores with friends on all Sporcle quizzes.
OR
Log In

You Might Also Like...

Show Comments

Extras

Created Nov 26, 2016ReportNominate
Tags:legend, spin-off, zelda

Top Quizzes Today


Score Distribution

Your Account Isn't Verified!

In order to create a playlist on Sporcle, you need to verify the email address you used during registration. Go to your Sporcle Settings to finish the process.

Report this User

Report this user for behavior that violates our Community Guidelines.

Details: